000 00750nam a2200241Ia 4500
005 20260430150131.0
008 008 250103s9999 xx 000 0 eng d
037 _aTheses
040 _aCRL
040 _beng
040 _ceng
041 _2eng
041 _aeng
084 _qCRL
100 _aBhawani Shankar Au.; Ashok K. Prasad Gu.
_91236559
245 0 _aSynthesis if1-(E-1arylpropenon-3-yl)-tri-o-benzyl-D-glycals, Pentasubstituted chiral chromanrs, sugar-based 1 Azaindolizines and Methylidene succinimides of Biological Importance
260 _c2022
300 _a334p.
650 _aChemistry
700 _aUniversity of Delhi. Faculty of Science. Deptt. of Chemistry
_91236464
942 _cTH
999 _c1849030
_d1849030